|
|
|
|
| LEADER |
01394nam a22003017i 4500 |
| 001 |
10017880 |
| 003 |
GR-PaULI |
| 005 |
20220224121224.0 |
| 008 |
881025r19901946ja f 1 eng d |
| 952 |
|
|
|0 0
|1 0
|2 ddc
|4 0
|6 Π_Σ_192_000000000000000_KYD
|7 0
|9 169757
|a LISP
|b LISP
|c REF
|d 2016-04-24
|i 37277
|l 0
|o Π/Σ 192 KYD
|p 025000159753
|r 2016-04-24 00:00:00
|t 1
|y BKN
|
| 952 |
|
|
|0 0
|1 0
|2 ddc
|4 0
|6 Π_Σ_192_000000000000000_KYD
|7 0
|9 169758
|a LISP
|b LISP
|c REF
|d 2016-04-24
|i 37285
|l 0
|o Π/Σ 192 KYD
|p 025000251142
|r 2016-04-24 00:00:00
|t 2
|y BKN
|
| 999 |
|
|
|c 106219
|d 106219
|
| 020 |
|
|
|a 1855060671
|
| 040 |
|
|
|a GR-PaULI
|b gre
|c GR-PaULI
|e AACR2
|
| 082 |
0 |
4 |
|a 192
|2 23
|
| 100 |
1 |
|
|a Kydd, Rachael M.,
|9 140434
|d 1918-2001,
|e συγγραφέας
|
| 245 |
1 |
0 |
|a Reason and conduct in Hume's treatise /
|c Rachael M. Kydd.
|
| 260 |
|
|
|a Bristol ;
|a Tokyo :
|b Thoemmes :
|b Kinokuniya,
|c 1990.
|
| 300 |
|
|
|a ix, 196 σ. ;
|c 22 εκ.
|
| 490 |
0 |
|
|a Modern monographs on Hume
|
| 500 |
|
|
|a Περιλαμβάνει ευρετήριο. Ανατύπωση από την έκδοση του 1946.
|
| 600 |
1 |
4 |
|9 7273
|a Hume, David,
|d 1711-1776
|
| 650 |
|
4 |
|a Εμπειρισμός
|9 1501
|
| 760 |
1 |
|
|a Modern monographs on Hume
|
| 852 |
|
|
|a GR-PaULI
|b ΠΑΤΡΑ
|b ΒΚΠ
|k ΑΣΧΞ
|h 192 KYD
|m 37277
|p 025000159753
|t 1
|
| 852 |
|
|
|a GR-PaULI
|b ΠΑΤΡΑ
|b ΒΚΠ
|k ΑΣΧΞ
|h 192 KYD
|m 37285
|t 2
|
| 942 |
|
|
|2 ddc
|c BKN
|
| 998 |
|
|
|c ΛΟΤΣΑΡΗ
|d 2016-10
|